000
00322nam a2200133 a 4500
005
20140414093843.0
008
090205s19uu xx uuu eng d
050
_a
VCD 792.42
_b
BES 2001
245
_a
The Best of ABBA.
260
_a
Philippines :
_b
Alpha Records.
650
_a
Songs.
942
_c
AVM
999
_c
109401
_d
109401